000 01075nam a2200229Ia 4500
999 _c38822
_d38822
001 5227
003 GE_BSU
005 20190621151754.0
008 181216s1960|||| |||||||||||||| ||geo||
041 _ageo
080 _a621.1(076.1)+536.782 ხ-52
100 _aხიდაშელი, ალ.
_92305
245 _aტექნიკური თერმოდინამიკის ამოცანათა კრებული.ნაწ.1 : გაზების თერმოდინამიკა /
_cალ. ხიდაშელი ; რედ: შ.ლომინაძე.
264 _aთბილისი :
_bსპი,
_c1960.
300 _a180 გვ .:
_c20 სმ.
500 _aდანართი:გვ.170-180
504 _aბიბლიოგრ.:გვ.180.
653 _aტექნიკური თერმოდინამიკის ამოცანათა კრებული
653 _aტექნიკა
700 _aლომინაძე, შ
_eრედაქტორი
_922
942 _cBK
_2udc